Statistiken für Gedichte zuordnen

Klicken Sie hier um das Quiz zu spielen!

Allgemein

  • Dieses Quiz wurde 1.343 mal gespielt
  • Das Durchschnittsergebnis liegt bei 8 aus 11

Antwortstatistiken

HintAntwort% Korrekt
Wer reitet so spät durch Nacht und Wind?Es ist der Vater mit seinem Kind.
96%
Von drauß vom Walde komm ich her;ich muß Euch sagen es weihnachtet sehr!
92%
Kinder, kommt und ratet, Was im Ofen bratet!Hört, wie’s knallt und zischt! Bald wird er aufgetischt.
91%
Der Mond ist aufgegangendie golden Sternlein prangen.
88%
Die Gedanken sind frei, wer kann sie erraten?Sie fliegen vorbei wie nächtliche Schatten.
83%
Herr: Es ist Zeit. Der Sommer war sehr groß.Leg deinen Schatten auf die Sonnenuhr und auf den Fluren lass die Winde los.
72%
Hörst du wie die Brunnen rauschen, Hörst du wie die Grille zirpt?Stille, stille, lass uns lauschen, Selig, wer in Träumen stirbt.
72%
Von guten Mächten wunderbar geborgenerwarten wir getrost, was kommen mag.
69%
Mit gelben Birnen hänget und voll mit wilden RosenDas Land in den See, Ihr holden Schwäne, und trunken von Küssen.
62%
Ich bin der Geist der stehts vereint!Und das mit Recht, denn alles, was entsteht ist wert, dass es zugrunde geht.
54%
Der Weltraum fernt mich weit von dir, so fernt mich nicht die Zeit.Wer überlebt das siebzigste schon hat, ist nah bei dir.
33%

Verteilung der Resultate

Perzentil nach korrekt beantworteten Fragen

Anzahl Personen mit jedem Resultat

Ihre Resultats-Entwicklung

Sie haben dieses Quiz noch nicht gespielt